Представление документа в формате MARC21

ПолеНазваниеЗначение
  Тип записи a
  Библиографический уровень m
001 Контрольный номер BIBLIOCLUB\0000494181
005 Дата корректировки 20260430154816.4
006 m o d
007 Элементы данных для физической характеристики c|||||||||||||
008 Кодируемые данные s2018 rus o rus d
020 Индекс ISBN __
a ISBN 978-5-8158-1978-8
041 Код языка издания 0_
a Код языка текста rus
084 Индекс другой классификации/Индекс ББК __
a Индекс другой классификации/Индекс ББК 13я73
b Номер единицы LBC/PL
2 Источник индекса rubbk
245 Заглавие 10
a Заглавие Общая теория систем: прикладные аспекты
b Продолж. заглавия учебное пособие
c Ответственность А. В. Горохов, Л. В. Петрова, В. И. Абдулаев, А. В. Баранов, Ц. О. Амбарян
c Ответственность под общ. ред. А. В. Горохов
260 Выходные данные __
a Место издания Йошкар-Ола
b Издательство Поволжский государственный технологический университет
c Дата издания 2018
300 Физическое описание __
a Объем 120 с.
b Иллюстрации/ тип воспроизводства ил.
504 Библиография __
a Библиография Библиогр. в кн
653 Ключевые слова 1_
a Ключевые слова Учебник для высшей школы
700 Другие авторы _1
a Другие авторы Абдулаев В. И.
700 Другие авторы _1
a Другие авторы Амбарян Ц. О.
700 Другие авторы _1
a Другие авторы Баранов А. В.
700 Другие авторы _1
a Другие авторы Горохов А. В.
700 Другие авторы _1
a Другие авторы Петрова Л. В.
856 Электронный адрес документа 40
3 Область применения данных поля Университетская библиотека ONLINE
u URL https://biblioclub.ru/index.php?page=book&id=494181
900 Электронные ресурсы __
a Имя электронного ресурса https://img.biblioclub.ru/sm_cover/ecef55d0dc27a461f55100cb44bb19faow5mh6gkf5/cover.jpg